Taller internacional para la conservación de los lagomorfos mexicanos en peligro de extinción (Registro nro. 920)

Detalles MARC
000 -CABECERA
Campo de control 01178nam a2200325 a 4500
005 - FECHA Y HORA DE LA ULTIMA TRANSACCION
Campo de control 20200104041516.0
008 - ELEMENTOS DE LONGITUD FIJA—INFORMACION GENERAL
Campo de control 140224b1997 MX ||||| |||| 00| 0 spa d
040 ## - FUENTE DE CATALOGACIÓN
Agencia catalogadora original CO-BoIAVH
Agencia transcriptora CO-BoIAVH
041 ## - IDIOMA
Código de idioma para texto/pista de sonido o título separado Español
044 ## - PAÍS DE PUBLICACIÓN
País de publicación México
090 ## - CLASIFICACIÓN LOCAL
Colección LB
Consecutivo 00908
100 ## - ASIENTO PRINCIPAL--NOMBRE PERSONAL
Nombre personal Portales, Gloria L.
111 ## - ASIENTO PRINCIPAL--NOMBRE DE REUNION
Nombre de reunión o de jurisdicción como elemento de entrada Taller Internacional para la Conservación de los Lagomorfos Mexicanos en Peligro de Extinción
Lugar de la reunión Mexico
Fecha de la reunión 1996
245 ## - MENCION DE TITULO
Título Taller internacional para la conservación de los lagomorfos mexicanos en peligro de extinción
Parte restante del título reporte del taller
260 ## - PUBLICACION, DISTRIBUCION, ETC. (PIE DE IMPRENTA)
Lugar de publicación, distribución, etc. México
Nombre del editor, distribuidor, etc. IUCN
-- SSC
-- Conservation Breeding Specialist Group
Fecha de publicación, distribución, etc. 1997
300 ## - DESCRIPCION FISICA
Extensión 168 p.
650 ## - ASIENTO SECUNDARIO DE MATERIA - TERMINO TEMATICO
Término temático o nombre geográfico como elemento de entrada Lagomorfos mejicanos
650 ## - ASIENTO SECUNDARIO DE MATERIA - TERMINO TEMATICO
Término temático o nombre geográfico como elemento de entrada Especies en peligro
650 ## - ASIENTO SECUNDARIO DE MATERIA - TERMINO TEMATICO
Término temático o nombre geográfico como elemento de entrada Conservación de biodiversidad
650 ## - ASIENTO SECUNDARIO DE MATERIA - TERMINO TEMATICO
Término temático o nombre geográfico como elemento de entrada Manejo de biodiversidad
650 ## - ASIENTO SECUNDARIO DE MATERIA - TERMINO TEMATICO
Término temático o nombre geográfico como elemento de entrada Historia natural
650 ## - ASIENTO SECUNDARIO DE MATERIA - TERMINO TEMATICO
Término temático o nombre geográfico como elemento de entrada Estrategias de conservación
700 ## - ASIENTO SECUNDARIO - NOMBRE PERSONAL
Nombre personal Reyes, Patricia
700 ## - ASIENTO SECUNDARIO - NOMBRE PERSONAL
Nombre personal Rangel, Hector
700 ## - ASIENTO SECUNDARIO - NOMBRE PERSONAL
Nombre personal Velazquez, Alejandro
700 ## - ASIENTO SECUNDARIO - NOMBRE PERSONAL
Nombre personal Miller, Philip
700 ## - ASIENTO SECUNDARIO - NOMBRE PERSONAL
Nombre personal Ellis, Susie
700 ## - ASIENTO SECUNDARIO - NOMBRE PERSONAL
Nombre personal Smith, Andrew T.
942 ## - ELEMENTOS ADICIONALES (KOHA)
Tipo de ítem Informe Técnico
Sistema de clasificación Local
Existencias
Withdrawn status Lost status Sistema de Clasificación Damaged status No para préstamo Colección Inventariado Ubicación Permanente Ubicación actual Fecha de adquisición Fuente de Valor Total Checkouts Número topográfico Inventario / Código de Barras Date last seen Ejemplar Price effective from Forma de adquisición Tipo de material
    Local     General Inventariado 2017 Bogotá Bogotá 13/01/1999 Franco, Ana María   LB-00908 001279 04/12/2012 Ej. 1 04/12/2012   Informe Técnico